[Event "CZE-chT2C 2223"]
[Site "Czech Republic"]
[Date "2023.02.19"]
[Round "9.2"]
[White "Haba, Zdenek"]
[Black "Mudra, Pavel"]
[Result "1/2-1/2"]
[WhiteElo "2171"]
[BlackElo "2295"]
[PlyCount "118"]
[EventDate "2022.10.16"]
[EventType "team-tourn"]
[EventRounds "11"]
[EventCountry "CZE"]
[SourceTitle "EXT 2024"]
[Source "ChessBase"]
[SourceDate "2023.10.10"]
[SourceVersion "1"]
[SourceVersionDate "2023.10.10"]
[SourceQuality "1"]
[WhiteTeam "Kolin"]
[BlackTeam "Bakov nad Jizerou"]
[WhiteTeamCountry "CZE"]
[BlackTeamCountry "CZE"]

1. d4 d5 2. c4 c6 3. Nf3 Nf6 4. Qc2 g6 5. Bf4 Bf5 6. Qb3 Qb6 7. c5 Qxb3 8. axb3 Bxb1 9. Rxb1 b6 10. b4 Nfd7 11. e3 f6 12. Ra1 b5 13. h4 Bg7 14. h5 Kf7 15. h6 Bf8 16. Bd3 e6 17. g4 Be7 18. Kd2 Rc8 19. g5 f5 20. Nh4 e5 21. dxe5 a5 22. Nxf5 Na6 23. Nd4 Nf8 24. e6+ Nxe6 25. Nxe6 Kxe6 26. Be2 Kf7 27. Bg4 Rd8 28. Rxa5 Nxb4 29. Bc7 Rf8 30. Rha1 Rxa5 31. Bxa5 Ra8 32. Ra3 Bxc5 33. Ke2 Na6 34. Rc3 Bb4 35. Bxb4 Nxb4 36. Bd7 Ra6 37. f4 Ke7 38. Bc8 Ra2 39. Rb3 c5 40. f5 Ra8 41. f6+ Kd6 42. Bh3 c4 43. Ra3 Rxa3 44. bxa3 Nc6 45. f7 Ke7 46. Bd7 Ne5 47. f8Q+ Kxf8 48. Bxb5 Ke7 49. a4 Kd6 50. Be8 Kc7 51. Kd1 Kd8 52. Bb5 Kc7 53. Be8 Kb6 54. Kc2 Nf3 55. Bxg6 Nxg5 56. Bf5 Nf7 57. Be6 Nxh6 58. Bxd5 Kc5 59. Be4 Ng4 1/2-1/2

[Event "CZE-chT2C 2223"]
[Site "Czech Republic"]
[Date "2022.10.16"]
[Round "1.1"]
[White "Mudra, Pavel"]
[Black "Habenicht, Martin"]
[Result "1-0"]
[WhiteElo "2295"]
[BlackElo "1939"]
[PlyCount "99"]
[EventDate "2022.10.16"]
[EventType "team-tourn"]
[EventRounds "11"]
[EventCountry "CZE"]
[SourceTitle "EXT 2024"]
[Source "ChessBase"]
[SourceDate "2023.10.10"]
[SourceVersion "1"]
[SourceVersionDate "2023.10.10"]
[SourceQuality "1"]
[WhiteTeam "Bakov nad Jizerou"]
[BlackTeam "Ceska Lipa"]
[WhiteTeamCountry "CZE"]
[BlackTeamCountry "CZE"]

1. d4 Nf6 2. Nf3 e6 3. g3 b5 4. Qd3 a6 5. e4 Bb7 6. Nbd2 c5 7. Bg2 Qb6 8. 0-0 Nc6 9. c3 cxd4 10. Nxd4 Ne5 11. Qe2 Bc5 12. N2b3 d6 13. a4 Nc4 14. Bg5 Nd7 15. Rfb1 h6 16. Bc1 Nf6 17. axb5 axb5 18. Rxa8+ Bxa8 19. Nxc5 dxc5 20. b3 Nd6 21. Nxe6 fxe6 22. e5 Bxg2 23. Kxg2 Qc6+ 24. f3 0-0 25. exd6 Qxd6 26. Bf4 e5 27. Bxe5 Re8 28. f4 Qd5+ 29. Kg1 Rd8 30. c4 bxc4 31. Qxc4 Qxc4 32. bxc4 Kf7 33. Rb7+ Rd7 34. Rb2 Ng4 35. Re2 Rd1+ 36. Kg2 Rc1 37. Bd6 Rxc4 38. h3 Nf6 39. Re7+ Kg6 40. Be5 Rc2+ 41. Kf3 h5 42. g4 hxg4+ 43. hxg4 Ra2 44. f5+ Kh6 45. Bf4+ Kh7 46. g5 Ra3+ 47. Be3 Ng8 48. Rc7 Ra8 49. Bxc5 Rd8 50. Kg4 1-0

[Event "CZE-chT2C 1920"]
[Site "Czech Republic"]
[Date "2019.11.03"]
[Round "2.3"]
[White "Mudra, Pavel"]
[Black "Jelinek, Michal"]
[Result "0-1"]
[WhiteElo "2300"]
[BlackElo "2125"]
[PlyCount "110"]
[EventDate "2019.10.13"]
[EventType "team-tourn"]
[EventRounds "11"]
[EventCountry "CZE"]
[SourceTitle "EXT 2024"]
[Source "ChessBase"]
[SourceDate "2023.10.10"]
[SourceVersion "1"]
[SourceVersionDate "2023.10.10"]
[SourceQuality "1"]
[WhiteTeam "Bakov nad Jizerou"]
[BlackTeam "Praha Oaza II"]
[WhiteTeamCountry "CZE"]
[BlackTeamCountry "CZE"]

1. d4 Nf6 2. Bf4 g6 3. c4 Bg7 4. Nf3 0-0 5. Nc3 d6 6. e3 c6 7. Be2 Nbd7 8. h3 Qe8 9. Bh2 h6 10. Rb1 Nh7 11. 0-0 f5 12. d5 Bxc3 13. bxc3 c5 14. Nd2 Nhf6 15. g4 Kh8 16. gxf5 gxf5 17. Bf4 Ne5 18. Kh2 Rg8 19. Rg1 b6 20. Bxh6 Ne4 21. Qc2 Nxf2 22. Rxg8+ Qxg8 23. Rg1 Qf7 24. Rg2 Nxh3 25. Kxh3 Qh7 26. Kh2 Qxh6+ 27. Kg1 Qxe3+ 28. Kh1 Bd7 29. Nf1 Qf4 30. Ng3 Rf8 31. Rh2+ Kg8 32. Bh5 Rf6 33. Qg2 Ng4 34. Bxg4 fxg4 35. Qc2 Qf3+ 36. Rg2 Be8 37. Qd2 Qf4 38. Qe1 Rh6+ 39. Kg1 Rh7 40. Qe6+ Kh8 41. Ne2 Qf7 42. Qc8 Rg7 43. Rf2 Qg6 44. Nf4 Qf7 45. Ne6 Qg6 46. Nc7 Rg8 47. Rh2+ Kg7 48. Ne6+ Kf6 49. Rf2+ Ke5 50. Nf4 Qb1+ 51. Kg2 Qe4+ 52. Kf1 Qb1+ 53. Ke2 Qc2+ 54. Ke3 Qxc3+ 55. Nd3+ Qxd3+ 0-1

[Event "CZE-chT2C 1819"]
[Site "Czech Republic"]
[Date "2019.02.24"]
[Round "9.2"]
[White "Balacek, Tadeas"]
[Black "Mudra, Pavel"]
[Result "1/2-1/2"]
[WhiteElo "2319"]
[BlackElo "2251"]
[PlyCount "48"]
[EventDate "2018.10.14"]
[EventType "team-tourn"]
[EventRounds "11"]
[EventCountry "CZE"]
[SourceTitle "EXT 2022"]
[Source "ChessBase"]
[SourceDate "2021.10.06"]
[SourceVersion "1"]
[SourceVersionDate "2021.10.06"]
[SourceQuality "1"]
[WhiteTeam "Lysa nad Labem III"]
[BlackTeam "Bakov nad Jizerou"]
[WhiteTeamCountry "CZE"]
[BlackTeamCountry "CZE"]

1. d4 Nf6 2. Nf3 e6 3. Bf4 c5 4. e3 Nc6 5. Nbd2 Be7 6. h3 d5 7. c3 Bd6 8. dxc5 Bxc5 9. Bd3 Bd6 10. Bxd6 Qxd6 11. 0-0 0-0 12. e4 Rd8 13. Qe2 dxe4 14. Bxe4 Nxe4 15. Qxe4 Qd5 16. Rfd1 f6 17. Qxd5 Rxd5 18. Ne4 Rxd1+ 19. Rxd1 e5 20. Nd6 Be6 21. Nxb7 Bxa2 22. Rd7 Rb8 23. b4 Be6 24. Rc7 Rc8 1/2-1/2

[Event "CZE-chT2C 1819"]
[Site "Czech Republic"]
[Date "2019.02.10"]
[Round "8.2"]
[White "Mudra, Pavel"]
[Black "Dolezal, Radoslav"]
[Result "0-1"]
[WhiteElo "2251"]
[BlackElo "2357"]
[PlyCount "98"]
[EventDate "2018.10.14"]
[EventType "team-tourn"]
[EventRounds "11"]
[EventCountry "CZE"]
[SourceTitle "EXT 2022"]
[Source "ChessBase"]
[SourceDate "2021.10.06"]
[SourceVersion "1"]
[SourceVersionDate "2021.10.06"]
[SourceQuality "1"]
[WhiteTeam "Bakov nad Jizerou"]
[BlackTeam "Pankrac II"]
[WhiteTeamCountry "CZE"]
[BlackTeamCountry "CZE"]

1. Nf3 d5 2. c4 c6 3. b3 Bg4 4. Bb2 Bxf3 5. gxf3 e6 6. Rg1 Nf6 7. Nc3 Qc7 8. cxd5 exd5 9. h3 Nbd7 10. Qc2 0-0-0 11. 0-0-0 Kb8 12. Kb1 Qh2 13. Bg2 Bc5 14. e3 Qd6 15. d4 Bb4 16. e4 Nh5 17. Ne2 g6 18. Bc1 f6 19. h4 Rhe8 20. Bh3 Qe7 21. Nf4 Nxf4 22. Bxf4+ Bd6 23. Bxd6+ Qxd6 24. h5 Nf8 25. hxg6 hxg6 26. Rg4 g5 27. exd5 cxd5 28. f4 gxf4 29. Rg7 Ne6 30. Bxe6 Rxe6 31. Qh7 Qb6 32. Qf5 a6 33. Qxf4+ Ka7 34. Rf7 Rc8 35. Qf3 Qc6 36. Qd3 Qe8 37. Qh7 Qb5 38. Re7 Re2 39. Qf5 Rc3 40. Re3 Rexe3 41. fxe3 Qe2 42. Qf1 Qc2+ 43. Ka1 Rxe3 44. Rc1 Qd2 45. Rd1 Qc3+ 46. Kb1 f5 47. Rc1 Qxd4 48. Qxf5 Re2 49. Rc2 Qd1+ 0-1

[Event "CZE-chT2B 1718"]
[Site "Czech Republic"]
[Date "2017.12.17"]
[Round "5.1"]
[White "Hinks Edwards, Thomas RJ"]
[Black "Mudra, Pavel"]
[Result "1-0"]
[WhiteElo "2363"]
[BlackElo "2245"]
[PlyCount "93"]
[EventDate "2017.10.15"]
[EventType "team-tourn"]
[EventRounds "11"]
[EventCountry "CZE"]
[SourceTitle "EXT 2022"]
[Source "ChessBase"]
[SourceDate "2021.10.06"]
[SourceVersion "1"]
[SourceVersionDate "2021.10.06"]
[SourceQuality "1"]
[WhiteTeam "Kobylisy"]
[BlackTeam "Bakov nad Jizerou"]
[WhiteTeamCountry "CZE"]
[BlackTeamCountry "CZE"]

1. e4 e5 2. Nf3 Nc6 3. Nc3 Bc5 4. Nxe5 Nxe5 5. d4 Bd6 6. dxe5 Bxe5 7. Bd3 Qh4 8. Qe2 c6 9. g3 Qf6 10. Bd2 d6 11. f4 Bd4 12. 0-0-0 Bh3 13. e5 Qe6 14. f5 Bxf5 15. Bxf5 Qxf5 16. exd6+ Kf8 17. Qc4 Bxc3 18. Bxc3 Nf6 19. Bxf6 gxf6 20. Rhe1 Qb5 21. Qxb5 cxb5 22. Re7 b6 23. Rb7 Kg7 24. Re1 Rhd8 25. d7 Kf8 26. c3 h5 27. Kc2 h4 28. gxh4 Kg7 29. Kb3 a6 30. Rxb6 Rxd7 31. Rg1+ Kf8 32. Rxf6 Rd2 33. Rgf1 Ra7 34. R1f2 Rd5 35. Rb6 a5 36. a4 bxa4+ 37. Kxa4 Ke7 38. Rb5 Rxb5 39. Kxb5 a4 40. c4 a3 41. bxa3 Rxa3 42. c5 Rh3 43. Rd2 f5 44. c6 Rc3 45. h5 Kf6 46. h6 Kg6 47. Kb6 1-0

[Event "CZE-chT2B 1617"]
[Site "Czech Republic"]
[Date "2017.01.29"]
[Round "7.1"]
[White "Mudra, Pavel"]
[Black "Soural, Jan"]
[Result "1/2-1/2"]
[WhiteElo "2250"]
[BlackElo "2227"]
[PlyCount "119"]
[EventDate "2016.10.09"]
[EventType "team-tourn"]
[EventRounds "11"]
[EventCountry "CZE"]
[SourceTitle "EXT 2022"]
[Source "ChessBase"]
[SourceDate "2021.10.06"]
[SourceVersion "1"]
[SourceVersionDate "2021.10.06"]
[SourceQuality "1"]
[WhiteTeam "Bakov nad Jizerou"]
[BlackTeam "Litomerice"]
[WhiteTeamCountry "CZE"]
[BlackTeamCountry "CZE"]

1. c4 Nf6 2. Nf3 g6 3. b3 Bg7 4. Bb2 0-0 5. g3 c5 6. Bg2 Nc6 7. 0-0 d6 8. d4 cxd4 9. Nxd4 Bd7 10. Nc3 Nxd4 11. Qxd4 Bc6 12. Nd5 Bxd5 13. Bxd5 Nh5 14. Qd2 Bxb2 15. Qxb2 Qc7 16. Rfd1 Rac8 17. Qd4 b6 18. Bf3 Nf6 19. Qe3 Kg7 20. Rd4 Qc5 21. Rad1 Rfe8 22. Qd2 h6 23. Kg2 e5 24. Rxd6 e4 25. Rxf6 Kxf6 26. Bg4 Rcd8 27. Qf4+ Kg7 28. Rxd8 Rxd8 29. Qxe4 Rd4 30. Qf3 Qd6 31. Qc3 Kh7 32. Bf3 Rd2 33. b4 Qd4 34. Qxd4 Rxd4 35. Bd5 Kg7 36. e4 Rd2 37. c5 bxc5 38. bxc5 Kf6 39. Kf3 Rc2 40. c6 g5 41. h4 g4+ 42. Kxg4 Rxf2 43. Kh5 Kg7 44. g4 f6 45. g5 hxg5 46. hxg5 fxg5 47. Kxg5 Kf8 48. a4 Ke7 49. Bc4 Kd6 50. Bb5 Ke5 51. Ba6 Rg2+ 52. Kh6 Rc2 53. Bb7 a5 54. Kg6 Kd6 55. Kf7 Re2 56. Kf6 Rf2+ 57. Kg6 Rc2 58. Kf7 Rf2+ 59. Kg6 Rc2 60. Kf7 1/2-1/2

[Event "CZE-chT2B 1415"]
[Site "Czech Republic"]
[Date "2015.03.29"]
[Round "10.1"]
[White "Rubes, Jan"]
[Black "Mudra, Pavel"]
[Result "1/2-1/2"]
[WhiteElo "2206"]
[BlackElo "2271"]
[PlyCount "57"]
[EventDate "2014.11.02"]
[EventType "team-tourn"]
[EventRounds "11"]
[EventCountry "CZE"]
[SourceTitle "EXT 2022"]
[Source "ChessBase"]
[SourceDate "2021.10.06"]
[SourceVersion "1"]
[SourceVersionDate "2021.10.06"]
[SourceQuality "1"]
[WhiteTeam "Teplice"]
[BlackTeam "Bakov nad Jizerou"]
[WhiteTeamCountry "CZE"]
[BlackTeamCountry "CZE"]

1. e4 e5 2. Nf3 Nc6 3. Bb5 a6 4. Ba4 Nf6 5. d3 Bc5 6. c3 b5 7. Bb3 d5 8. Qe2 dxe4 9. dxe4 h6 10. Nbd2 0-0 11. Nf1 Na5 12. Bc2 Ng4 13. Be3 Nxe3 14. Nxe3 Bxe3 15. Qxe3 Nc4 16. Qc1 Qe7 17. h3 Bb7 18. 0-0 Rad8 19. Re1 Rd7 20. a4 Rfd8 21. axb5 axb5 22. Bb3 Qc5 23. Bxc4 bxc4 24. Ra4 Bxe4 25. Qe3 Qxe3 26. Rxe3 Rd1+ 27. Kh2 Bxf3 28. Rxf3 R1d2 29. Rxc4 1/2-1/2

[Event "CZE-chT2B 1314"]
[Site "Czech Republic"]
[Date "2014.03.23"]
[Round "10.1"]
[White "Docekal, Jan"]
[Black "Mudra, Pavel"]
[Result "1-0"]
[WhiteElo "2282"]
[BlackElo "2265"]
[PlyCount "229"]
[EventDate "2013.11.03"]
[EventType "team-tourn"]
[EventRounds "11"]
[EventCountry "CZE"]
[SourceTitle "EXT 2015"]
[Source "ChessBase"]
[SourceDate "2014.11.20"]
[SourceVersion "1"]
[SourceVersionDate "2014.11.20"]
[SourceQuality "1"]
[WhiteTeam "Vysehrad"]
[BlackTeam "Bakov nad Jizerou"]
[WhiteTeamCountry "CZE"]
[BlackTeamCountry "CZE"]

1. e4 Nf6 2. Nc3 d5 3. e5 Nfd7 4. f4 e6 5. Nf3 Be7 6. Ne2 c5 7. c3 0-0 8. Ng3 Nc6 9. Bd3 Qb6 10. h4 f5 11. Ng5 Bxg5 12. hxg5 g6 13. b3 Qc7 14. Qe2 b6 15. Bb2 a5 16. a4 Rf7 17. Rh6 Nf8 18. 0-0-0 Bd7 19. Rdh1 Ne7 20. c4 Bc6 21. Nf1 Rd8 22. Ne3 d4 23. Nd1 Qb7 24. R1h2 Re8 25. Qf1 Rg7 26. Nf2 Bd7 27. Kb1 Nc6 28. Ba3 Nb8 29. Ka2 Na6 30. Nh3 Nc7 31. Ng1 Bc6 32. R6h3 Rd8 33. Be2 Rdd7 34. Bd1 Qa8 35. Ne2 Qb7 36. Ng3 Kf7 37. Bc2 Ke7 38. Rh6 Kd8 39. Bd3 Rdf7 40. Ne2 Be4 41. R6h3 Kc8 42. Nc1 Bc6 43. Be2 Na6 44. Nd3 Re7 45. Ne1 Kb8 46. Qf2 Rgf7 47. Nc2 Rd7 48. Kb1 Qc8 49. Bb2 Qd8 50. Na3 Nc7 51. Bf3 Bxf3 52. Qxf3 Qc8 53. Kc2 Qb7 54. Qxb7+ Kxb7 55. Kd3 Rd8 56. Rh1 Kc6 57. Ke2 Kd7 58. Ra1 Ke8 59. Kf2 Rfd7 60. Nc2 Kf7 61. Ne1 Kg8 62. Nd3 Na6 63. Ba3 Re7 64. Kf3 Nd7 65. Rah1 Ndb8 66. R3h2 Nc6 67. Rc1 Rc8 68. Rh6 Rf8 69. Nf2 Ref7 70. Ke2 Re8 71. Rf1 Rd7 72. d3 Nc7 73. Bc1 Nd8 74. Rfh1 Nc6 75. Bd2 Rf7 76. R1h3 Nd8 77. Rh2 Nc6 78. Nh1 Ree7 79. g4 Rg7 80. Ng3 Ref7 81. gxf5 exf5 82. Nh5 gxh5 83. Rxc6 Rg6 84. Rf6 Ne8 85. Rxh5 Re7 86. Kf3 Ng7 87. Rh1 Re6 88. Be1 Rc6 89. Bf2 Re6 90. Ra1 h6 91. Bh4 hxg5 92. Bxg5 Rexf6 93. Bxf6 Ne6 94. Rh1 Rg4 95. Rh8+ Kf7 96. Bg5 Nxg5+ 97. fxg5 Ke6 98. Re8+ Kd7 99. Rb8 Kc7 100. Rf8 Rxg5 101. Kf4 Rh5 102. Rxf5 Rh3 103. Ke4 Re3+ 104. Kd5 Rxd3 105. Rf7+ Kb8 106. Kc6 Re3 107. Kxb6 Kc8 108. Kc6 Kd8 109. Rd7+ Ke8 110. Rd5 Rxb3 111. Kxc5 d3 112. Kd6 Rb6+ 113. Kc7 Rb4 114. c5 Rb3 115. Kd6 1-0

[Event "CZE-chT1W 1314"]
[Site "Czech Republic"]
[Date "2014.03.16"]
[Round "9.3"]
[White "Mudra, Pavel"]
[Black "Dolezal, Radoslav"]
[Result "0-1"]
[WhiteElo "2265"]
[BlackElo "2353"]
[PlyCount "68"]
[EventDate "2013.10.20"]
[EventType "team-tourn"]
[EventRounds "11"]
[EventCountry "CZE"]
[SourceTitle "EXT 2015"]
[Source "ChessBase"]
[SourceDate "2014.11.20"]
[SourceVersion "1"]
[SourceVersionDate "2014.11.20"]
[SourceQuality "1"]
[WhiteTeam "Turnov Zikuda II"]
[BlackTeam "Pankrac"]
[WhiteTeamCountry "CZE"]
[BlackTeamCountry "CZE"]

1. d4 Nf6 2. Nf3 e6 3. g3 b5 4. Bg2 Bb7 5. 0-0 c5 6. e3 Be7 7. Nc3 a6 8. Re1 0-0 9. a3 Ne4 10. Ne2 Qc7 11. c3 d6 12. Nf4 Nd7 13. h4 Nb6 14. Nh2 e5 15. Ne2 f5 16. Qd3 g6 17. Qd1 Rf7 18. Nf3 Re8 19. Rf1 Bf6 20. Ne1 Bg7 21. Nf3 Rfe7 22. Rb1 Bd5 23. b3 Qc6 24. dxe5 dxe5 25. Ne1 Rd7 26. Qc2 c4 27. b4 Nf6 28. f3 Na4 29. Bh3 Rd6 30. Kh2 Red8 31. Bg2 Qb7 32. Kg1 Bc6 33. Ra1 Qa7 34. Kh1 Nd5 0-1

[Event "CZE-chT2B 1314"]
[Site "Czech Republic"]
[Date "2014.03.02"]
[Round "9.2"]
[White "Kucera, Petr"]
[Black "Mudra, Pavel"]
[Result "1/2-1/2"]
[WhiteElo "2337"]
[BlackElo "2265"]
[PlyCount "129"]
[EventDate "2013.11.03"]
[EventType "team-tourn"]
[EventRounds "11"]
[EventCountry "CZE"]
[SourceTitle "EXT 2015"]
[Source "ChessBase"]
[SourceDate "2014.11.20"]
[SourceVersion "1"]
[SourceVersionDate "2014.11.20"]
[SourceQuality "1"]
[WhiteTeam "Novoborsky III"]
[BlackTeam "Bakov nad Jizerou"]
[WhiteTeamCountry "CZE"]
[BlackTeamCountry "CZE"]

1. d4 Nf6 2. Bg5 d5 3. Bxf6 exf6 4. e3 Bd6 5. c4 dxc4 6. Bxc4 0-0 7. Nc3 c5 8. dxc5 Bxc5 9. Bxf7+ Kh8 10. Qxd8 Rxd8 11. Nf3 Bg4 12. Bd5 Nd7 13. 0-0 Rab8 14. h3 Bh5 15. Rfd1 b6 16. a3 Be7 17. Nb5 a6 18. Na7 Ne5 19. Nxe5 fxe5 20. g4 Be8 21. Nc6 Bxc6 22. Bxc6 Rxd1+ 23. Rxd1 Rd8 24. Bd5 g5 25. Kg2 Kg7 26. Kf3 Rf8+ 27. Ke2 Rd8 28. Rd2 e4 29. Bxe4 Rxd2+ 30. Kxd2 h6 31. Bb7 a5 32. Kd3 Bf6 33. b3 Be7 34. a4 Kf6 35. Ke4 Bd6 36. Kd5 Bc5 37. Bc8 Bb4 38. f3 Bd2 39. Kd4 Be1 40. f4 gxf4 41. exf4 Bg3 42. Ke4 Be1 43. Ba6 Bh4 44. Bf1 Be1 45. Kd5 Bd2 46. Kc6 Bxf4 47. Kxb6 Bd2 48. h4 Be1 49. Kb5 Bd2 50. Kc4 Be1 51. Kb5 Bd2 52. Be2 Be1 53. Bf3 Bd2 54. Bc6 Be1 55. Be8 Bd2 56. Kc4 Bb4 57. Kd4 Bd2 58. Ke4 Be1 59. Kf4 Bxh4 60. b4 axb4 61. a5 Bf2 62. Ba4 Ke6 63. a6 Kd6 64. Kf5 Kc7 65. g5 1/2-1/2

[Event "CZE-chT1W 1314"]
[Site "Czech Republic"]
[Date "2014.02.23"]
[Round "8.3"]
[White "Tichy, Stepan"]
[Black "Mudra, Pavel"]
[Result "1/2-1/2"]
[WhiteElo "2159"]
[BlackElo "2265"]
[PlyCount "90"]
[EventDate "2013.10.20"]
[EventType "team-tourn"]
[EventRounds "11"]
[EventCountry "CZE"]
[SourceTitle "EXT 2015"]
[Source "ChessBase"]
[SourceDate "2014.11.20"]
[SourceVersion "1"]
[SourceVersionDate "2014.11.20"]
[SourceQuality "1"]
[WhiteTeam "Karlovy Vary"]
[BlackTeam "Turnov Zikuda II"]
[WhiteTeamCountry "CZE"]
[BlackTeamCountry "CZE"]

1. c4 Nf6 2. Nc3 e5 3. g3 Bc5 4. Bg2 Nc6 5. d3 h6 6. e3 0-0 7. Nge2 Re8 8. 0-0 Bf8 9. h3 d6 10. e4 Nd4 11. Nxd4 exd4 12. Ne2 c5 13. f4 Rb8 14. a4 Be7 15. g4 Nd7 16. Ng3 g6 17. Bd2 Bh4 18. Rf3 b6 19. Be1 Bb7 20. Rf1 Bc6 21. Ne2 a6 22. Bxh4 Qxh4 23. Qe1 Qxe1 24. Rfxe1 b5 25. axb5 axb5 26. Ra6 Rb6 27. Rxb6 Nxb6 28. b3 Ra8 29. cxb5 Bxb5 30. e5 Re8 31. exd6 Bxd3 32. Kf2 Bc2 33. b4 cxb4 34. Nxd4 Rxe1 35. Kxe1 Ba4 36. Bc6 Bxc6 37. Nxc6 b3 38. Kd1 f6 39. f5 gxf5 40. gxf5 Kf7 41. Nd4 b2 42. Kc2 Nc4 43. Nb5 Ke8 44. Nc7+ Kf7 45. d7 Ke7 1/2-1/2

[Event "CZE-chT2B 1314"]
[Site "Czech Republic"]
[Date "2014.02.16"]
[Round "8.2"]
[White "Mudra, Pavel"]
[Black "Balin, Jan"]
[Result "1-0"]
[WhiteElo "2265"]
[BlackElo "2309"]
[PlyCount "99"]
[EventDate "2013.11.03"]
[EventType "team-tourn"]
[EventRounds "11"]
[EventCountry "CZE"]
[SourceTitle "EXT 2015"]
[Source "ChessBase"]
[SourceDate "2014.11.20"]
[SourceVersion "1"]
[SourceVersionDate "2014.11.20"]
[SourceQuality "1"]
[WhiteTeam "Bakov nad Jizerou"]
[BlackTeam "Usti nad Labem"]
[WhiteTeamCountry "CZE"]
[BlackTeamCountry "CZE"]

1. d4 Nf6 2. Nf3 c5 3. g3 g6 4. Bg2 Bg7 5. 0-0 0-0 6. c4 cxd4 7. Nxd4 Nc6 8. Nc3 Nxd4 9. Qxd4 d6 10. Bg5 Qa5 11. Qd2 Qb4 12. Rac1 Bd7 13. Rfd1 Qxc4 14. Nd5 Qxa2 15. Ra1 Qc4 16. Rdc1 Qg4 17. h3 Qh5 18. g4 Nxg4 19. hxg4 Qxg4 20. Bxe7 Rfe8 21. Nf6+ Bxf6 22. Bxf6 Re6 23. Bc3 Bc6 24. f3 Qh4 25. e4 a6 26. Qd4 f6 27. Ra5 Rae8 28. Be1 Qf4 29. Bd2 Qh4 30. Rxa6 d5 31. Rcxc6 bxc6 32. Bc3 dxe4 33. fxe4 Qg3 34. Qf2 Qg4 35. Ra1 h5 36. Rf1 Rf8 37. Qe3 Rf7 38. Rf4 Qd1+ 39. Rf1 Qg4 40. Rf4 Qd1+ 41. Bf1 Kh7 42. Kg2 g5 43. Rf3 Rf8 44. Bd3 Kh6 45. e5 f5 46. Rxf5 Rxf5 47. Bxf5 Re7 48. Bd2 Rg7 49. e6 Qa4 50. e7 1-0

[Event "CZE-chT1W 1314"]
[Site "Czech Republic"]
[Date "2014.02.09"]
[Round "7.4"]
[White "Kucera, Petr"]
[Black "Mudra, Pavel"]
[Result "1-0"]
[WhiteElo "2337"]
[BlackElo "2265"]
[PlyCount "79"]
[EventDate "2013.10.20"]
[EventType "team-tourn"]
[EventRounds "11"]
[EventCountry "CZE"]
[SourceTitle "EXT 2015"]
[Source "ChessBase"]
[SourceDate "2014.11.20"]
[SourceVersion "1"]
[SourceVersionDate "2014.11.20"]
[SourceQuality "1"]
[WhiteTeam "Novoborsky II"]
[BlackTeam "Turnov Zikuda II"]
[WhiteTeamCountry "CZE"]
[BlackTeamCountry "CZE"]

1. d4 d5 2. c4 c6 3. Nf3 Nf6 4. Nc3 g6 5. cxd5 cxd5 6. Bf4 Bg7 7. e3 0-0 8. Be2 Nc6 9. h3 Ne4 10. 0-0 Nxc3 11. bxc3 Na5 12. Nd2 Be6 13. Qa4 a6 14. Qb4 Bd7 15. a4 Bc6 16. Rfd1 e6 17. f3 Re8 18. e4 Bf8 19. Qb2 Rc8 20. Be3 b5 21. axb5 axb5 22. Rdb1 Nc4 23. Nxc4 dxc4 24. Ra6 Qc7 25. Rba1 Rb8 26. Qa2 Rec8 27. Qd2 Bd6 28. d5 exd5 29. exd5 Bb7 30. Rb6 b4 31. cxb4 c3 32. Qd3 Re8 33. Kf1 c2 34. Rc1 Rxe3 35. Qxe3 Bf4 36. d6 Bxe3 37. dxc7 Rf8 38. Rxb7 Bxc1 39. Rb8 Bf4 40. Rxf8+ 1-0

[Event "CZE-chT2B 1314"]
[Site "Czech Republic"]
[Date "2014.01.19"]
[Round "6.1"]
[White "Soural, Jan"]
[Black "Mudra, Pavel"]
[Result "1/2-1/2"]
[WhiteElo "2178"]
[BlackElo "2265"]
[PlyCount "87"]
[EventDate "2013.11.03"]
[EventType "team-tourn"]
[EventRounds "11"]
[EventCountry "CZE"]
[SourceTitle "EXT 2015"]
[Source "ChessBase"]
[SourceDate "2014.11.20"]
[SourceVersion "1"]
[SourceVersionDate "2014.11.20"]
[SourceQuality "1"]
[WhiteTeam "Litomerice"]
[BlackTeam "Bakov nad Jizerou"]
[WhiteTeamCountry "CZE"]
[BlackTeamCountry "CZE"]

1. d4 Nf6 2. c4 e6 3. Nc3 Bb4 4. e3 c5 5. Nge2 b6 6. a3 Bxc3+ 7. Nxc3 0-0 8. d5 d6 9. Bd3 Nbd7 10. f4 Ba6 11. e4 e5 12. f5 Ne8 13. h4 f6 14. Be3 Rf7 15. Kf2 Rb8 16. a4 Bc8 17. g4 Kf8 18. Qe2 a5 19. Raf1 Ke7 20. Ke1 Nc7 21. g5 Ba6 22. Nd1 Qh8 23. Nf2 Rg8 24. Ng4 Ne8 25. Qh2 Kd8 26. Be2 Kc7 27. b3 Bc8 28. Nf2 Re7 29. Bg4 Kb8 30. Nd1 Ba6 31. Nc3 Kc7 32. Ne2 Bc8 33. Ng3 Rf8 34. Kd2 Rg8 35. Kc2 Kb8 36. Kb2 Rf8 37. Bd2 Kc7 38. Ka2 Rg8 39. Kb1 Rf8 40. Kc1 Kb7 41. Rf2 Nc7 42. Ne2 Nb8 43. Qg1 Bd7 44. Rh3 1/2-1/2

[Event "CZE-chT2B 1314"]
[Site "Czech Republic"]
[Date "2013.12.15"]
[Round "4.2"]
[White "Mudra, Pavel"]
[Black "Smid, Miroslav"]
[Result "1-0"]
[WhiteElo "2265"]
[BlackElo "2131"]
[PlyCount "83"]
[EventDate "2013.11.03"]
[EventType "team-tourn"]
[EventRounds "11"]
[EventCountry "CZE"]
[SourceTitle "EXT 2015"]
[Source "ChessBase"]
[SourceDate "2014.11.20"]
[SourceVersion "1"]
[SourceVersionDate "2014.11.20"]
[SourceQuality "1"]
[WhiteTeam "Bakov nad Jizerou"]
[BlackTeam "Praha Bohemians II"]
[WhiteTeamCountry "CZE"]
[BlackTeamCountry "CZE"]

1. c4 e6 2. g3 d5 3. Bg2 Nf6 4. Nf3 Be7 5. 0-0 0-0 6. b3 c5 7. Bb2 Nc6 8. e3 b6 9. d3 Bb7 10. Qe2 Qc7 11. Nc3 Rad8 12. Rfd1 a6 13. Rac1 dxc4 14. bxc4 Rd7 15. Rd2 Rfd8 16. Rcd1 Bf8 17. Ba1 Ba8 18. a3 Na5 19. Rb2 Bc6 20. Ne1 Bxg2 21. Kxg2 Qc6+ 22. Kg1 Rb7 23. Rdb1 Bd6 24. f4 e5 25. Qg2 Qc7 26. Nf3 exf4 27. gxf4 Re8 28. Re2 Bf8 29. Ne5 Rbb8 30. Ng4 Nxg4 31. Qxg4 Re6 32. Nd5 Qd8 33. f5 Rh6 34. Rg2 f6 35. Qe4 Kh8 36. Qe6 b5 37. Bc3 b4 38. axb4 cxb4 39. Bxb4 Nxc4 40. dxc4 a5 41. c5 axb4 42. c6 1-0

[Event "CZE-chT2B 1314"]
[Site "Czech Republic"]
[Date "2013.11.17"]
[Round "2.2"]
[White "Mudra, Pavel"]
[Black "Polak, Benedikt"]
[Result "1-0"]
[WhiteElo "2265"]
[BlackElo "2195"]
[PlyCount "99"]
[EventDate "2013.11.03"]
[EventType "team-tourn"]
[EventRounds "11"]
[EventCountry "CZE"]
[SourceTitle "EXT 2015"]
[Source "ChessBase"]
[SourceDate "2014.11.20"]
[SourceVersion "1"]
[SourceVersionDate "2014.11.20"]
[SourceQuality "1"]
[WhiteTeam "Bakov nad Jizerou"]
[BlackTeam "Liberec Desko"]
[WhiteTeamCountry "CZE"]
[BlackTeamCountry "CZE"]

1. Nf3 Nf6 2. g3 b5 3. Bg2 Bb7 4. b3 e6 5. Bb2 c5 6. 0-0 Be7 7. c4 a6 8. d3 0-0 9. Nbd2 d6 10. e3 Qb6 11. Qe2 Nbd7 12. Rab1 Rac8 13. e4 Rfd8 14. d4 cxd4 15. Nxd4 bxc4 16. Nxc4 Qa7 17. Na5 Ba8 18. Rfc1 Qb6 19. b4 Bf8 20. a3 d5 21. e5 Ne4 22. Ndb3 f6 23. Bd4 Qb5 24. Qg4 fxe5 25. Qxe6+ Kh8 26. Rxc8 Rxc8 27. Bf1 Qb8 28. Qxd7 exd4 29. Nxd4 Rd8 30. Qf5 Qb6 31. Ne6 Nd6 32. Qf4 Re8 33. Nxf8 Qd8 34. Nxh7 Kxh7 35. Bd3+ Kg8 36. Nb3 Ne4 37. Nc5 Ng5 38. Kf1 Rf8 39. Qh4 Qf6 40. f4 Ne4 41. Qxf6 Rxf6 42. Bxe4 dxe4 43. Re1 Rd6 44. Nxe4 Rd3 45. Nf2 Rd8 46. Re6 Bd5 47. Re3 Bc4+ 48. Ke1 a5 49. bxa5 Rb8 50. Kd2 1-0